00364nam a2200145Ia 4500008004100000020001800041041000800059082001500067100001600082245002600098250000600124260004400130300001200174650003200186210716s2004 xx 000 0 und d a9788170148036 aeng a658.7 VARM aVarma, M M. aMaterials management. a1 aNew DelhibSulthan Chand and Sonsc2004 axvi,512 aMaterials Management(658.7)